Ancient Cultures by Site Quiz Stats

 Plays Quiz not verified by Sporcle

Challenge
Share
Tweet
Embed
Score 0/14 Timer 03:00
0 Plays Today
Archaeological Sites Ancient Culture % Correct
Athens, Sparta, DelosClassical Greece
92.3%
Machu Picchu, Cusco, PísacThe Inka
84.9%
Memphis, Saqqara, GizaAncient Egypt
83.5%
Chichén Itzá, Tikal, CopanThe Maya
73.5%
Xianyang, Xi'an, LuoyangAncient China
62.3%
Ur, Nippur, LagashSumer
51.4%
Mohenjo-daro, Harappa, KalibanganThe Indus Civilization
34.2%
Archaeological Sites Ancient Culture % Correct
Byblos, Carthage, TyrePhoenicia
34%
San Lorenzo, La Venta, Tres ZapotesThe Olmec
29.8%
Angkor Wat, Angkor Thom, YasodharapuraKhmer Empire
28.4%
Mesa Verde, Chaco Canyon, Cowboy WashAncestral Pueblo
28.4%
Wairau Bar, Titirangi, MotutapuThe Maori
13.3%
Sipán, Galindo, Pampa GrandeThe Moche
8.6%
Arzhan, Gelonus, Tillia TepeScythia
2.3%

You're not logged in!

Compare scores with friends on all Sporcle quizzes.
Join for Free
OR
Log In

You Might Also Like...

Show Comments

Extras

Created Dec 2, 2010ReportNominate
Tags:ancient, culture, location, modern, site

Top Quizzes Today


Score Distribution

Your Account Isn't Verified!

In order to create a playlist on Sporcle, you need to verify the email address you used during registration. Go to your Sporcle Settings to finish the process.

Report this User

Report this user for behavior that violates our Community Guidelines.

Details: